[Event "Titled Tuesday intern op 16th Apr Early"]
[Site "Chess.com INT"]
[Date "2024.04.16"]
[Round "7"]
[White "Rodrigues Mota, Romulo Cardoso S"]
[Black "Wilson, Otis"]
[Result "1-0"]
[WhiteElo "1978"]
[BlackElo "1994"]
[PlyCount "57"]
[EventDate "2024.04.16"]
[EventType "swiss (blitz)"]
[EventRounds "11"]
[EventCountry "USA"]
[SourceTitle "CB17_2024"]
[SourceDate "2024.04.24"]
[SourceVersion "1"]
[SourceVersionDate "2024.04.24"]
[SourceQuality "1"]

1. e4 c5 2. Nf3 d6 3. d4 cxd4 4. Nxd4 Nf6 5. Nc3 g6 6. f3 Bg7 7. Be3 Nc6 8. Bc4 0-0 9. Qd2 Na5 10. Bb3 a6 11. 0-0-0 Nxb3+ 12. Nxb3 b5 13. Kb1 Bb7 14. g4 Rc8 15. h4 h5 16. gxh5 Nxh5 17. Bh6 Bxh6 18. Qxh6 Rxc3 19. bxc3 a5 20. Rhg1 Nf6 21. Rxg6+ fxg6 22. Qxg6+ Kh8 23. Qh6+ Nh7 24. Nd4 Rf6 25. Qh5 e6 26. Rg1 b4 27. Qg4 Qf8 28. Nxe6 Qf7 29. Nd8 1-0

[Event "Titled Tuesday intern op 02nd Apr Late"]
[Site "Chess.com INT"]
[Date "2024.04.02"]
[Round "3"]
[White "Antonio, Jorge Carlos"]
[Black "Rodrigues Mota, Romulo Cardoso S"]
[Result "1-0"]
[WhiteElo "2277"]
[BlackElo "1978"]
[PlyCount "59"]
[EventDate "2024.04.02"]
[EventType "swiss (blitz)"]
[EventRounds "11"]
[EventCountry "USA"]
[SourceTitle "CB15_2024"]
[SourceDate "2024.04.10"]
[SourceVersion "1"]
[SourceVersionDate "2024.04.10"]
[SourceQuality "1"]

1. d4 Nf6 2. Nf3 e6 3. c4 Bb4+ 4. Bd2 Qe7 5. g3 0-0 6. Bg2 d5 7. 0-0 b6 8. Bxb4 Qxb4 9. cxd5 exd5 10. Qb3 Qxb3 11. axb3 Nbd7 12. Nc3 a6 13. Rfc1 Bb7 14. Ne5 Rfd8 15. b4 c5 16. Nxd7 Nxd7 17. bxc5 bxc5 18. Nxd5 cxd4 19. Ne7+ Kf8 20. Bxb7 Kxe7 21. Bxa8 Rxa8 22. Rc7 Kd6 23. Rb7 Kc6 24. Rb3 Nc5 25. Rba3 Rb8 26. Rc1 Rxb2 27. Rxa6+ Kb5 28. Rd6 Ne6 29. Rd7 Ra2 30. Kf1 1-0

[Event "Titled Tuesday intern op 13th Feb Early"]
[Site "Chess.com INT"]
[Date "2024.02.13"]
[Round "8"]
[White "Mena, Martin"]
[Black "Rodrigues Mota, Romulo Cardoso S"]
[Result "0-1"]
[WhiteElo "2032"]
[BlackElo "1964"]
[PlyCount "146"]
[EventDate "2024.02.13"]
[EventType "swiss (blitz)"]
[EventRounds "11"]
[EventCountry "USA"]
[SourceTitle "CB08_2024"]
[SourceDate "2024.02.21"]
[SourceVersion "1"]
[SourceVersionDate "2024.02.21"]
[SourceQuality "1"]

1. c4 c5 2. Nc3 Nc6 3. g3 g6 4. Bg2 Bg7 5. e4 e5 6. Nge2 Nge7 7. 0-0 0-0 8. d3 d6 9. Be3 f5 10. f4 Be6 11. Qd2 Rc8 12. h3 Qd7 13. Kh2 Nd4 14. Nd5 Nec6 15. Bxd4 Nxd4 16. Nxd4 cxd4 17. fxe5 dxe5 18. b4 b5 19. c5 f4 20. gxf4 Bxd5 21. exd5 exf4 22. Rae1 Rce8 23. Re4 f3 24. Rxf3 Rxf3 25. Bxf3 Rf8 26. Bg2 Qxd5 27. Qe2 Qf5 28. Re7 Bf6 29. Qe6+ Qxe6 30. Rxe6 Kf7 31. Ra6 Re8 32. Rxa7+ Ke6 33. c6 Kd6 34. a4 Be5+ 35. Kg1 bxa4 36. b5 Kc5 37. b6 Kxb6 38. Rb7+ Kc5 39. c7 Rc8 40. Ra7 Kb4 41. Bc6 a3 42. Bd7 Rxc7 43. Rxc7 Bxc7 44. Be6 Kc3 45. Kf2 Kb2 46. Kf3 a2 47. Bxa2 Ka3 48. Bb3 Be5 49. Bc4 Bg7 50. Ke4 Kb4 51. Bd5 Kc3 52. Be6 h6 53. Bf7 g5 54. Bg8 Kd2 55. Kf5 Kxd3 56. Bh7 Ke3 57. Kg6 Bf8 58. Kf7 Bd6 59. Kg6 Bf4 60. Kf5 d3 61. Kg4 d2 62. Bc2 Ke2 63. h4 d1Q 64. Bxd1+ Kxd1 65. hxg5 hxg5 66. Kf3 Kd2 67. Kg4 Ke2 68. Kf5 Kf3 69. Kg6 g4 70. Kh5 g3 71. Kh4 g2 72. Kh3 g1Q 73. Kh4 Qg4# 0-1

[Event "Titled Tuesday intern op 13th Feb Early"]
[Site "Chess.com INT"]
[Date "2024.02.13"]
[Round "9"]
[White "Rodrigues Mota, Romulo Cardoso S"]
[Black "Levitan, Caleb Levi"]
[Result "0-1"]
[WhiteElo "1964"]
[BlackElo "2265"]
[PlyCount "54"]
[EventDate "2024.02.13"]
[EventType "swiss (blitz)"]
[EventRounds "11"]
[EventCountry "USA"]
[SourceTitle "CB08_2024"]
[SourceDate "2024.02.21"]
[SourceVersion "1"]
[SourceVersionDate "2024.02.21"]
[SourceQuality "1"]

1. e4 e5 2. Nf3 Nc6 3. d4 exd4 4. Bc4 Nf6 5. e5 d5 6. Bb5 Ne4 7. Nxd4 Bd7 8. Bxc6 bxc6 9. 0-0 Bc5 10. f3 Ng5 11. f4 Ne4 12. Be3 Bb6 13. Nd2 Nxd2 14. Qxd2 0-0 15. Nb3 Qe7 16. a4 Bf5 17. a5 Bxe3+ 18. Qxe3 Bxc2 19. Nd4 Be4 20. Nxc6 Qd7 21. Rac1 f6 22. Rfd1 fxe5 23. Qxe4 Qxc6 24. Qxe5 Qa4 25. Rxc7 Qxd1+ 26. Kf2 Qd2+ 27. Kg3 Rf6 0-1

[Event "Titled Tuesday intern op 20th Jun Early"]
[Site "Chess.com INT"]
[Date "2023.06.20"]
[Round "8"]
[White "Calderin Gonzalez, Roberto"]
[Black "Rodrigues Mota, Romulo Cardoso S"]
[Result "0-1"]
[WhiteElo "2413"]
[BlackElo "1964"]
[PlyCount "62"]
[EventDate "2023.06.20"]
[EventType "swiss (blitz)"]
[EventRounds "11"]
[EventCountry "USA"]
[SourceTitle "EXT 2024"]
[Source "ChessBase"]
[SourceDate "2023.10.10"]
[SourceVersion "1"]
[SourceVersionDate "2023.10.10"]
[SourceQuality "1"]

1. e4 c5 2. Nc3 g6 3. g3 Nc6 4. Bg2 Bg7 5. Nge2 e5 6. 0-0 Nge7 7. d3 0-0 8. h3 d6 9. f4 f5 10. g4 fxg4 11. fxe5 gxh3 12. exd6 hxg2 13. Rxf8+ Qxf8 14. dxe7 Qxe7 15. Qe1 Ne5 16. Qf2 Bh3 17. Nd5 Qd7 18. Nef4 Rf8 19. Qg3 Bg4 20. Qxg2 g5 21. Ne2 Bf3 22. Qg3 Bxe2 23. Bxg5 Nf3+ 24. Kh1 Nxg5 25. Qxg5 Qh3+ 26. Kg1 h6 27. Ne7+ Kh7 28. Qg6+ Kh8 29. Qd6 Qg4+ 30. Kh1 Bf3+ 31. Kh2 Qg2# 0-1

[Event "Titled Tuesday intern op 30th May Early"]
[Site "Chess.com INT"]
[Date "2023.05.30"]
[Round "6"]
[White "Cattaneo, Marco"]
[Black "Rodrigues Mota, Romulo Cardoso S"]
[Result "1-0"]
[WhiteElo "2250"]
[BlackElo "2002"]
[PlyCount "55"]
[EventDate "2023.05.30"]
[EventType "swiss (blitz)"]
[EventRounds "11"]
[EventCountry "USA"]
[SourceTitle "CBM 214 Extra"]
[Source "ChessBase"]
[SourceDate "2023.07.31"]
[SourceVersion "1"]
[SourceVersionDate "2023.07.31"]
[SourceQuality "1"]

1. d4 Nf6 2. Bf4 e6 3. e3 d5 4. Nf3 Bd6 5. Nbd2 Bxf4 6. exf4 0-0 7. Bd3 b6 8. Qe2 Bb7 9. h4 c5 10. c3 cxd4 11. cxd4 Nc6 12. a3 a6 13. h5 b5 14. Rh4 Qb6 15. Nb3 Rac8 16. Rd1 h6 17. g4 Kh8 18. g5 Ng8 19. Rg4 f5 20. Rg3 Rc7 21. Kf1 Re7 22. Nh4 Ree8 23. Ng6+ Kh7 24. Nxf8+ Rxf8 25. gxh6 Nxh6 26. Qxe6 Rf6 27. Qe3 Ng4 28. Rxg4 1-0

[Event "Titled Tuesday intern op 30th May Early"]
[Site "Chess.com INT"]
[Date "2023.05.30"]
[Round "5"]
[White "Rodrigues Mota, Romulo Cardoso S"]
[Black "Sanchez, Roberto Daniel"]
[Result "1-0"]
[WhiteElo "2002"]
[BlackElo "1966"]
[PlyCount "111"]
[EventDate "2023.05.30"]
[EventType "swiss (blitz)"]
[EventRounds "11"]
[EventCountry "USA"]
[SourceTitle "CBM 214 Extra"]
[Source "ChessBase"]
[SourceDate "2023.07.31"]
[SourceVersion "1"]
[SourceVersionDate "2023.07.31"]
[SourceQuality "1"]

1. e4 c5 2. Nf3 e6 3. d4 cxd4 4. Nxd4 a6 5. Bd3 Qc7 6. 0-0 Nf6 7. h3 b5 8. Nd2 Bb7 9. Re1 d6 10. Nf1 Be7 11. a4 b4 12. Bd2 Qb6 13. c3 Nbd7 14. a5 Qa7 15. Be3 Qb8 16. cxb4 Nxe4 17. Qa4 Nef6 18. b5 Nc5 19. Qc2 Nxd3 20. Qxd3 0-0 21. b6 g6 22. Rec1 Rc8 23. Rxc8+ Qxc8 24. Rc1 Qe8 25. Rc7 Bd5 26. b7 Rb8 27. Qxa6 Bd8 28. Nb5 Bxc7 29. Nxc7 Qc6 30. Qxc6 Bxc6 31. a6 Bxb7 32. Ba7 Bxa6 33. Bxb8 Bc4 34. Ne3 Bd3 35. b4 Kf8 36. b5 Ke7 37. b6 Kd7 38. Na8 Be4 39. Nc7 d5 40. f3 Bd3 41. Na8 d4 42. b7 Ba6 43. Nb6+ Kc6 44. Nec4 Bxb7 45. Na4 Nd7 46. Ne5+ Nxe5 47. Bxe5 Kd5 48. Bf4 e5 49. Bd2 f5 50. Kf2 e4 51. fxe4+ fxe4 52. Ke1 e3 53. Bc1 Kc4 54. Nb2+ Kb3 55. g4 Kc2 56. Bxe3 1-0

[Event "Florianopolis Winter op 6th"]
[Site "Florianopolis"]
[Date "2022.07.16"]
[Round "8"]
[White "Rodrigues Mota, Romulo Cardoso S"]
[Black "Piccoli, Lucas Fonseca"]
[Result "0-1"]
[WhiteElo "2005"]
[BlackElo "2155"]
[PlyCount "100"]
[EventDate "2022.07.13"]
[EventType "swiss"]
[EventRounds "9"]
[EventCountry "BRA"]
[SourceTitle "CBM 209 Extra"]
[Source "ChessBase"]
[SourceDate "2022.09.30"]
[SourceVersion "1"]
[SourceVersionDate "2022.09.30"]
[SourceQuality "1"]

1. e4 c6 2. d4 d5 3. Nc3 dxe4 4. Nxe4 Nf6 5. Nxf6+ exf6 6. Be3 Qb6 7. Qe2 Be6 8. c3 Qc7 9. f4 Be7 10. Qf2 Bf5 11. Ne2 0-0 12. Ng3 Qd7 13. Nxf5 Qxf5 14. 0-0-0 Re8 15. Bd3 Qe6 16. Rhe1 Qxa2 17. Qh4 h6 18. Qg4 Na6 19. Bd2 Qd5 20. Qh3 b5 21. g4 Bf8 22. g5 fxg5 23. fxg5 g6 24. gxh6 Kh7 25. Qg4 Rad8 26. h4 Rxe1 27. Rxe1 Nc5 28. Bc2 Nb3+ 29. Bxb3 Qxb3 30. h5 Qc4 31. Qg5 Rd7 32. Re8 Qf1+ 33. Kc2 Bd6 34. Qg4 Qf5+ 35. Qxf5 gxf5 36. Bg5 f6 37. Bxf6 Kxh6 38. Be5 Kxh5 39. Rh8+ Kg4 40. Rg8+ Kf3 41. Bf6 Rf7 42. Rg6 f4 43. Kd3 c5 44. Bh4 c4+ 45. Kd2 Rd7 46. Rg5 Rh7 47. Be1 Rh2+ 48. Kc1 Ke2 49. Bd2 Kd3 50. Rg6 Rh1+ 0-1

[Event "Timbo op 2nd"]
[Site "Timbo"]
[Date "2022.02.19"]
[Round "4"]
[White "Rodrigues Mota, Romulo Cardoso S"]
[Black "Cezar, Ricardo de Almeida"]
[Result "1-0"]
[WhiteElo "2031"]
[BlackElo "1735"]
[PlyCount "131"]
[EventDate "2022.02.17"]
[EventType "swiss"]
[EventRounds "7"]
[EventCountry "BRA"]
[SourceTitle "EXT 2023"]
[Source "ChessBase"]
[SourceDate "2022.10.05"]
[SourceVersion "1"]
[SourceVersionDate "2022.10.05"]
[SourceQuality "1"]

1. e4 c6 2. d4 d5 3. Nc3 dxe4 4. Nxe4 Nd7 5. Bc4 Ngf6 6. Ng3 e6 7. h4 Bd6 8. N1e2 Qc7 9. c3 c5 10. d5 Nxd5 11. Bxd5 Bxg3 12. Nxg3 exd5 13. 0-0 0-0 14. Qxd5 Nf6 15. Qd3 Be6 16. Bg5 Nd5 17. Rfe1 Rfe8 18. Nh5 f6 19. Rxe6 Rxe6 20. Qxd5 Qf7 21. Be3 Re5 22. Qxf7+ Kxf7 23. Nf4 c4 24. Rd1 Ke8 25. Bd4 Rd8 26. g3 a6 27. Rc1 Re7 28. h5 Kf7 29. Rb1 Rdd7 30. b3 cxb3 31. Rxb3 Re8 32. Rb6 f5 33. Nd3 Rc7 34. Be5 Rd7 35. Bd4 Rc7 36. Kg2 Re6 37. Rb4 b5 38. a4 bxa4 39. Rxa4 Rc8 40. Nc5 Rec6 41. Nxa6 Ra8 42. Nb4 Rxa4 43. Nxc6 Ra2 44. Ne5+ Ke6 45. Nf3 Kf7 46. Ng5+ Kg8 47. Kf3 Ra1 48. Ne6 g6 49. Kf4 Rh1 50. Kg5 gxh5 51. Kf6 h4 52. gxh4 Rxh4 53. c4 Rh1 54. c5 Rc1 55. Be3 Rc4 56. Kxf5 h5 57. f4 h4 58. Ng5 Kf8 59. Kg4 Rc3 60. Bd4 h3 61. Nxh3 Rc4 62. Be3 Kf7 63. Kf5 Rc3 64. Ng5+ Ke7 65. Bd4 Rc4 66. Ke5 1-0

[Event "Titled Tuesday intern op 08th Feb Late"]
[Site "Chess.com INT"]
[Date "2022.02.08"]
[Round "5"]
[White "Rodrigues Mota, Romulo Cardoso S"]
[Black "Moreira, Ronaldo Alonso"]
[Result "1-0"]
[WhiteElo "2031"]
[BlackElo "2088"]
[PlyCount "53"]
[EventDate "2022.02.08"]
[EventType "swiss (blitz)"]
[EventRounds "11"]
[EventCountry "USA"]
[SourceTitle "CBM 206 Extra"]
[Source "ChessBase"]
[SourceDate "2022.03.31"]
[SourceVersion "1"]
[SourceVersionDate "2022.03.31"]
[SourceQuality "1"]

1. e4 e5 2. Nf3 Nc6 3. d4 exd4 4. Bc4 Nf6 5. e5 d5 6. Bb5 Ne4 7. Nxd4 Bc5 8. 0-0 0-0 9. Nxc6 bxc6 10. Bxc6 Rb8 11. Qxd5 Qxd5 12. Bxd5 Nxf2 13. Rxf2 Be6 14. Nc3 Rbd8 15. Bb3 Bxb3 16. axb3 f6 17. e6 Rfe8 18. Bf4 Rxe6 19. Na4 Bxf2+ 20. Kxf2 g5 21. Be3 Rde8 22. Re1 f5 23. Nc5 Re5 24. Nd3 Re4 25. Nc5 R4e5 26. Nd7 R5e7 27. Nf6+ 1-0